| 000 | 01374cam a2200349 4500 | ||
|---|---|---|---|
| 001 | ##J122031 | ||
| 008 | 000000n2003 000 0 eng u | ||
| 035 | _a(Sirsi) u122031 | ||
| 041 | 0 | _aeng | |
| 050 | 0 | 4 | _a549.66 $2 18 |
| 110 | 1 |
_aRoyal Institution of Chartered Surveyors _94900 |
|
| 245 | 0 | 0 |
_aAsbestos no 2 _h[sound recording] |
| 260 |
_aLondon _bRICS _c2003 |
||
| 300 | _a1 audio CD (ca. 60 min.) | ||
| 350 | _a15 | ||
| 490 | 0 | _aOwlion Audio Programme | |
| 520 | _aAn updated review of the many implications of asbestos for chartered surveyors. Discusses: the application of the legislative framework in respect of valuations, dilapidations and surveys of all building types; the requirements of personal indemnity insurance; the means and purpose of the certification of asbestos surveyors. | ||
| 520 | _aCo-ordinated and produced by Bill Latto for the RICS Asbestos Group | ||
| 650 | _aACCREDITATION SCHEMES | ||
| 650 | _aMANAGEMENT-HEALTH AND SAFETY-HAZARDOUS SUBSTANCES-ASBESTOS | ||
| 650 | _aABOUT RICS-RICS MEMBERS | ||
| 650 | _aPERSONAL INDEMNITY INSURANCE | ||
| 650 | _aREGULATIONS | ||
| 690 |
_aHealth and safety _96244 |
||
| 700 | _aLand, Howard | ||
| 700 | _aHastings, Emma | ||
| 700 | _aMacdonald, Bill | ||
| 700 | _aRichards, John | ||
| 700 | _aWinstone, Paul | ||
| 710 |
_aCollege of Estate Management _9400 |
||
| 942 | _n0 | ||
| 999 |
_c102770 _d102770 |
||